LEADER 01215nam a2200301 4500 001 000000344810 003 CaOOAMICUS 005 20210422122136.0 008 210312s2020 it a 000 u ita r 020 $a978-88-945901-0-4 040 $aSeMil$bita 245 13$aIl respiro del mercato. 264 1$a[S.l. :$bs.n.],$cstampa 2020$f(Jona Srl) 300 $a139 p. :$bill. ;$c26 cm 541 0 $aOmaggio mons. Mario Delpini (3O V 81) 650 4$aMilano - Mercato.$0(OLS)http://semarc/subject/50227 650 4$aMilano - Economia.$0(OLS)http://semarc/subject/12610 650 4$aEsposizione universale .$0(OLS)http://semarc/subject/27674 710 0 $aMilano .$0(OLS)http://semarc/name/1840 710 0 $aSogeMi S.p.A. .$0(OLS)http://semarc/name/113432 850 $aSeMil 852 $aSeMil$W1$xVenegono$y1$m3O V 81$j225574$B236331$CSeMilBibl$Z2$F236331 $81 941 1 $a7 961 $aOmaggio mons. Mario Delpini 996 $6020$a978-88-945901-0-4$9(OLS)http://semarc/number/292600 996 $6245$aIl respiro del mercato$9(OLS)http://semarc/title/433908 996 $6264$a[S.l. :$bs.n.]$9(OLS)http://semarc/publisher/29751 LEADER 01079nam a2200229 i 4500 001 000000066753 003 CaOOAMICUS 005 20100521000000.0 008 100521s1997 it u000 u ita u 013 $a37925 040 $aSeMil$bita 110 2 $aCongregazione cristiana dei Testimoni di Geova.$0(OLS)http://semarc/name/33475 240 10$aKnowledge that leads to everlasting life.$0(OLS)http://semarc/title/106208 245 13$aLa conoscenza che conduce alla vita eterna /$c[tradotto ed edito in italiano dalla Congregazione cristiana dei Testimoni di Geova]. 260 $aBrooklyn, N.Y. :$bWatch Tower Bible and Tract Society,$c1997. 300 $a187 p. ;$c16 cm. 650 4$aTestimoni di Geova.$0(OLS)http://semarc/subject/8655 850 $aSeMil 852 $aSeMil$W1$xVenegono$y1$m2X V 313$j32906$B32906$CSeMilBibl$Z2$F32909 $81 961 $aOmaggio: Donazione 996 $6245$aLa conoscenza che conduce alla vita eterna$9(OLS)http://semarc/title/106207 996 $6260$aBrooklyn, N.Y. :$bWatch Tower Bible and Tract Society$9(OLS)http://semarc/publisher/40710